000 00503nam a22001697a 4500
005 20240620140346.0
008 240620b |||||||| |||| 00| 0 eng d
020 _a0406996431 ; 9780406996435
041 _aEnglish
082 _a349 LAW
100 _lEnglish
245 _aThe All England Law Reports: Reprint
260 _aLondon:
_bLexisNexis Butterworths,
_c2006
300 _bxviii, 1042 pages;
_c25 cm.
650 _aLegal practice
_bLaw
942 _cBK
_6ALISON_BN_VRIES
999 _c2012
_d2012